Countries with the strongest Navies - Statistics

General Stats
  • This quiz has been taken 83 times
  • The average score is 9 of 15
Answer Stats
# Answer % Correct
3 United States
100%
2 China
97%
5 Russia
96%
14 South Korea
83%
7 India
81%
1 North Korea
79%
10 Indonesia
71%
12 Turkey
69%
4 Iran
68%
11 Pakistan
61%
6 Egypt
57%
15 Myanmar
24%
9 Colombia
21%
8 Finland
18%
13 Ghana
4%
No matching quizzes found
Score Distribution
Percent of People with Each Score
Percentile by Number Answered
Your Score History
You have not taken this quiz